000 00862nam a2200241 i 4500
001 64921
003 ES-MaACL
005 20230906165244.0
007 t|
008 040107s1984 xxu ||||1| eng d
020 _a0-8240-9075-6
100 1 _aFoster, David William.
_951902
245 1 0 _aJorge Luis Borges
_b: an annotated primary and secondary bibliography /
_cDavid William Foster ; introduction by Martin S. Stabb.
260 _aNew York ;
_aLondon :
_bGarland,
_c1984.
300 _aXLV, 328 p. ;
_c23 cm.
490 1 _aGarland reference library of the humanities ;
_v439
500 _aIndices.
600 1 4 _aBorges, Jorge Luis-
_xCrítica e interpretación.
_930461
700 1 _aStabb, Martin S.
_9107833
830 0 _aGarland reference library of the humanities ;
_v439
_9182051
852 _aES-MaACL
_jL-10052
_bR.112340
999 _c64921
_d64921